000 00459nam a2200169Ia 4500
003 GCL
008 140319s9999 xx 000 0 eng d
040 _aGCL /
_cGCL
082 0 4 _a301
_bI M
100 1 _aLATOUR, BRUNS
245 1 0 _aLE METIER DE CHERCHEUR REGARD D'UN ANTHROPOLGUE /
_cLATOUR, BRUNS
260 _a[S.N] :
_bINSTITUTE NATIONAL DE LA RECHERCHS ،
_c1995
300 _a95 P
650 0 4 _aANTHOPOLOGS
650 0 4 _aSOCIOLOGY
942 _2ddc
_cBK
999 _c16418
_d16418